Lie groups, physics, and geometry : (Record no. 11348)
[ view plain ]
| 000 -LEADER | |
|---|---|
| fixed length control field | 01537cam a22003857a 4500 |
| 001 - CONTROL NUMBER | |
| control field | 15240363 |
| 005 - DATE AND TIME OF LATEST TRANSACTION | |
| control field | 20240818092914.0 |
| 008 - FIXED-LENGTH DATA ELEMENTS--GENERAL INFORMATION | |
| fixed length control field | 080331s2008 enka b 001 0 eng |
| 010 ## - | |
| -- | 2008272822 |
| 015 ## - | |
| -- | GBA784007 |
| -- | bnb |
| 016 7# - | |
| -- | 014100656 |
| -- | Uk |
| 020 ## - INTERNATIONAL STANDARD BOOK NUMBER | |
| International Standard Book Number | 9780521884006 (hbk.) |
| 020 ## - INTERNATIONAL STANDARD BOOK NUMBER | |
| International Standard Book Number | 0521884004 (hbk.) |
| 035 ## - SYSTEM CONTROL NUMBER | |
| System control number | (OCoLC)ocn175284084 |
| 040 ## - CATALOGING SOURCE | |
| Original cataloging agency | UKM |
| Transcribing agency | UKM |
| Modifying agency | BTCTA |
| -- | YDXCP |
| -- | BAKER |
| -- | BWKUK |
| -- | IXA |
| -- | DLC |
| 042 ## - | |
| -- | ukblcatcopy |
| -- | lccopycat |
| 050 00 - LIBRARY OF CONGRESS CALL NUMBER | |
| Classification number | QA387 |
| Item number | .G57 2008 |
| 082 04 - DEWEY DECIMAL CLASSIFICATION NUMBER | |
| Classification number | 512.482 |
| Edition number | 22 |
| Item number | GIL |
| 100 1# - MAIN ENTRY--PERSONAL NAME | |
| Personal name | Gilmore, Robert, |
| Dates associated with a name | 1941- |
| 9 (RLIN) | 3923 |
| 245 10 - TITLE STATEMENT | |
| Title | Lie groups, physics, and geometry : |
| Remainder of title | an introduction for physicists, engineers and chemists / |
| Statement of responsibility, etc | Robert Gilmore. |
| 260 ## - | |
| -- | Cambridge ; |
| -- | New York : |
| -- | Cambridge University Press, |
| -- | c.2008. |
| 300 ## - PHYSICAL DESCRIPTION | |
| Extent | xi, 319 p. : |
| Other physical details | ill. ; |
| Dimensions | 26 cm. |
| 336 ## - CONTENT TYPE | |
| Source | rdacontent |
| Content type term | text |
| Content type code | txt |
| 337 ## - MEDIA TYPE | |
| Media type term | unmediated |
| Source | rdamedia |
| Media type code | n |
| 338 ## - CARRIER TYPE | |
| Carrier type term | volume |
| Carrier type code | nc |
| Source | rdacarrier |
| 500 ## - GENERAL NOTE | |
| General note | Includes Index. |
| 504 ## - BIBLIOGRAPHY, ETC. NOTE | |
| Bibliography, etc | Includes bibliographical references and index. |
| 650 #0 - SUBJECT ADDED ENTRY--TOPICAL TERM | |
| Topical term or geographic name as entry element | Lie groups. |
| 9 (RLIN) | 3924 |
| 650 #0 - SUBJECT ADDED ENTRY--TOPICAL TERM | |
| Topical term or geographic name as entry element | Group theory. |
| 9 (RLIN) | 3925 |
| 856 42 - ELECTRONIC LOCATION AND ACCESS | |
| Materials specified | Contributor biographical information |
| Uniform Resource Identifier | <a href="http://www.loc.gov/catdir/enhancements/fy0834/2008272822-b.html">http://www.loc.gov/catdir/enhancements/fy0834/2008272822-b.html</a> |
| 856 42 - ELECTRONIC LOCATION AND ACCESS | |
| Materials specified | Publisher description |
| Uniform Resource Identifier | <a href="http://www.loc.gov/catdir/enhancements/fy0834/2008272822-d.html">http://www.loc.gov/catdir/enhancements/fy0834/2008272822-d.html</a> |
| 856 41 - ELECTRONIC LOCATION AND ACCESS | |
| Materials specified | Table of contents only |
| Uniform Resource Identifier | <a href="http://www.loc.gov/catdir/enhancements/fy0834/2008272822-t.html">http://www.loc.gov/catdir/enhancements/fy0834/2008272822-t.html</a> |
| 942 ## - ADDED ENTRY ELEMENTS (KOHA) | |
| Source of classification or shelving scheme | Dewey Decimal Classification |
| Koha item type | Book - Borrowing |
| Classification part | RDA-MOD |
| Withdrawn status | Lost status | Source of classification or shelving scheme | Damaged status | Not for loan | Collection code | Home library | Current library | Shelving location | Date acquired | Source of acquisition | Cost, normal purchase price | Serial Enumeration / chronology | Total Checkouts | Full call number | Barcode | Date last seen | Price effective from | Koha item type |
|---|---|---|---|---|---|---|---|---|---|---|---|---|---|---|---|---|---|---|
| Dewey Decimal Classification | Baccah | Central Library | Central Library | First floor | 21/04/2009 | 447.20 | 7117 | 512.482 GIL | 000015978 | 15/07/2025 | 21/04/2009 | Book - Borrowing |